000 01413namaa2200325 i 4500
003 EG-GICUC
005 20260408143316.0
008 260408s1991 ua ||||jr|||| 000 0 ara d
017 _a1991 / 9239
_bدار الكتب والوثائق القومية (مصر)
040 _aEG-GiCUC
_bara
_cEG-GiCUC
_dEG-GiCUC
_erda
082 0 4 _221
_a811.92
_bI13
092 0 4 _221
_a811.92
_bI13
099 _a811.92 I13
100 1 _aابن الجراح، محمد بن داود،
_d857-908 أو 909
_eمؤلف.
245 1 0 _aمن اسمه عمرو من الشعراء /
_cتأليف أبي عبد الله محمد بن داود بن الجراح (ت 296 هـ) ؛ تحقيق الدكتور عبد العزيز بن ناصر المانع
260 _aالطبعة الاولى
264 _aالقاهرة (مصر) :
_bمكتبة الخانجى،
_c1991
300 _a293 صفحة ؛
_c24 سم
336 _2rdacontent
_atext
337 _2rdamedia
_aUnmediated
338 _2rdacarrier
_avolume
504 _aيشتمل على ارجاعات ببليوجرافية.
541 _aد. / جابر عصفور ؛
_bالقاهرة ؛
_cإهداء ؛
_d2024.
650 1 7 _aالشعراء العرب
_vتراجم
_2qrmak
650 1 7 _aالشعر العربى
_xتاريخ ونقد
651 1 _2qrmak
700 1 _aالمانع، عبدالعزيز بن ناصر،
_eمحقق.
905 _aAmira
942 _2ddc
_cBK
_e21
_n0
999 _c179312
_d179312